कणव (Record no. 153908)

MARC details
000 -LEADER
fixed length control field 00294nam a2200145Ia 4500
008 - FIXED-LENGTH DATA ELEMENTS--GENERAL INFORMATION
fixed length control field 090124s9999 xx 000 0 und d
082 ## - DEWEY DECIMAL CLASSIFICATION NUMBER
Item number 107817
245 ## - TITLE STATEMENT
Title कणव
250 ## - EDITION STATEMENT
Edition statement 0
260 ## - PUBLICATION, DISTRIBUTION, ETC. (IMPRINT)
Date of publication, distribution, etc 1960
300 ## - PHYSICAL DESCRIPTION
Extent 420
630 ## - SUBJECT ADDED ENTRY--UNIFORM TITLE
Uniform title कणव
730 ## - ADDED ENTRY--UNIFORM TITLE
Uniform title कणव
942 ## - ADDED ENTRY ELEMENTS (KOHA)
Koha item type Book
Holdings
Withdrawn status Lost status Damaged status Not for loan Home library Current library Date acquired Cost, normal purchase price Total Checkouts Full call number Barcode Date last seen Cost, replacement price Price effective from Koha item type
        Marathi Granth Sangrahalaya,Thane Marathi Granth Sangrahalaya,Thane   8.00   107817 THNMGS-107817 01/24/2009 8.00 01/24/2009 Book